Statistics for TV Shows A-Z

Click here to take the quiz!

General Stats

  • This quiz has been taken 34 times
  • The average score is 9 of 26

Answer Stats

TV Show Characters Answer % Correct
Ross Geller, Rachel Green, Joey Tribbiani, Monica Geller, Chandler Bing..FriendsF
91%
Ned Stark, Jon Snow, Jaime Lannister, Daenerys Targaryen, Khal Drogo..Game of ThronesG
84%
Barney Stinson, Marshall Eriksen, Robin Scherbatsky, Ted Mosby, Lily Aldrin..How I Met Your MotherH
78%
Fox Mulder, Dana Scully, Walter Skinner, John Doggett, Monica Reyes..The X-FilesX
72%
Michael Scott, Dwight Schrute, Jim Halpert, Pam Beesly, Ryan Howard..The OfficeO
59%
Archie Andrews, Betty Cooper, Veronica Lodge, Jughead Jones, Hermione Lodge..RiverdaleR
59%
Eleven, Will Byers, Dustin Henderson, Nancy Wheeler, Jim Hopper..Stranger ThingsS
53%
Daryl Dixon, Rick Grimes, Michonne, Beth Greene, Carl Grimes..The Walking DeadW
50%
Charlie Harper, Alan Harper, Jake Harper, Walden Schmidt, Berta..Two and a Half MenT
50%
Jake Peralta, Amy Santiago, Terry Jeffords, Rosa Diaz, Raymond Holt..Brooklyn Nine-NineB
41%
Susan Mayer, Lynette Scavo, Bree Van de Kamp, Gabrielle Solis, Edie Britt..Desperate HousewivesD
38%
Mark Greene, Doug Ross, Susan Lewis, John Carter, Carol Hathaway..ERE
34%
Betty Suarez, Daniel Meade, Wilhelmina Slater, Ignacio Suarez, Hilda SuarezUgly BettyU
31%
Phil Coulson, Melinda May, Grant Ward, Skye Johnson, Leo Fitz..Agents of S.H.I.E.L.D.A
25%
Leroy Jethro Gibbs, Caitlin Todd, Abby Sciuto, Timothy McGee, Ziva David..NCISN
25%
Tokyo, Berlin, Rio, Denver, Proffesor..Money HeistM
25%
Elena Gilbert, Stefan Salvatore, Damon Salvatore, Jeremy Gilbert, Jenna Sommers..The Vampire DiariesV
22%
Aaron Hotchner, Derek Morgan, Spencer Reid, Penelope Garcia, David Rossi..Criminal MindsC
22%
Frank Castle, David Lieberman, Billy Russo, Dinah Madani, Lewis Wilson..The PunisherP
16%
Chloe Decker, Dan Espinoza, Amenadiel, Mazikeen, Trixie Espinoza,LuciferL
16%
Alex Parrish, Liam O'Connor, Ryan Booth, Miranda Shaw, Caleb Haas..QuanticoQ
13%
Timothy Olyphant, Nick Searcy, Joelle Carter, Jacob Pitts, Erica Tazel..JustifiedJ
13%
Joe Goldberg, Guinevere Beck, Paco, Ethan, Peach Salinger..YouY
13%
Kyle Trager, Nicole Trager, Stephen Trager, Lori Trager, Josh Trager..Kyle XYK
6%
Mary Shannon, Marshall Mann, Stan McQueen, Jinx Shannon, Brandi Shannon..In Plain SightI
0%
Roberta Warren, Citizen Z, Mack Thompson, Alvin Murphy, Addy Carver..Z NationZ
0%

Score Distribution

Percentile by Number Answered

Percent of People with Each Score

Your Score History

You have not taken this quiz